000 01138nam a22001817a 4500
005 20260127155446.0
008 230721b ||||| |||| 00| 0 eng d
040 _cSSBUL
_dSSBUL
082 _223
_a၉၁၅.၉၁၁၆ ဘို ၁၆၀၄၉ (S-SAT)
100 _aဘိုသိန်း၊
_cတောင်တွင်း-။
_928269
245 _aရှမ်းရိုးမငွေတောင်တန်း ရွှေကြာပန်းတို့ပွင့်လေပြီ /
_cတောင်တွင်းဘိုသိန်း။
260 _aရန်ကုန်၊
_bဟံသာဝတီပိဋကတ်ပုံနှိပ်တိုက်၊
_c၁၉၉၂။
300 _a၁၈၉ စာမျက်နှာ၊
_bဓာတ်ပုံများ၊
_c၂၄ စင်တီ။
500 _aS-SAT: Dr. Prof Sai Aung Tun
650 _2ဒေသန္တရနှင့် ခရီးသွား
_zရှမ်းပြည်နယ်။
_928270
650 _2ဒေသန္တရနှင့်ခရီးသွား
_zမြန်မာနိုင်ငံ။
_928108
942 _2ddc
_cBK1
999 _c27433
_d27433